Statistics for Golang keywords

Click here to take the quiz!

General Stats

  • This quiz has been taken 37 times
  • The average score is 17 of 25

Answer Stats

Answers% Correct
for
89%
func
89%
go
89%
if
89%
struct
89%
var
83%
case
78%
const
78%
else
78%
switch
78%
type
78%
break
72%
import
72%
interface
72%
continue
67%
return
67%
package
61%
range
61%
chan
56%
select
56%
defer
50%
goto
44%
default
39%
fallthrough
39%
map
28%

Score Distribution

Percentile by Number Answered

Percent of People with Each Score

Your Score History

You have not taken this quiz